MARC

LEADER 00000nam0a2200000 4500
001 28625
005 20231030202916.0
010 |a 5229010010 
035 |a (RuTPU)RU\TPU\book\28882 
035 |a BOOK00028957 
090 |a 28625 
100 |a 20011209d1993 km y0rusy50 ca 
101 0 |a rus 
102 |a RU 
105 |a а g 001zy 
200 1 |a Справочник волочильщика проволоки  |e справочник  |f М. Б. Горловский, В. Н. Меркачев 
210 |a Москва  |c Металлургия  |d 1993 
215 |a 335 с.  |c ил. 
320 |a Библиогр.: с. 330 (6 назв.) 
610 1 |a волочильное производство 
610 1 |a катанка 
610 1 |a проволока 
610 1 |a оборудование 
610 1 |a волочильные инструменты 
610 1 |a справочники 
675 |a 621.778(035)  |v 4 
700 1 |a Горловский  |b М. Б.  |g Михаил Борисович 
701 1 |a Меркачев  |b В. Н.  |g Валентин Николаевич 
801 0 |a RU  |b 63413507  |c 20011209  |g PSBO 
801 2 |a RU  |b 63413507  |c 20180907  |g PSBO 
942 |c BK